اطلس المعادن الصناعية بالمملكة العربية السعودية/ (رقم التسجيلة. 112079)

تفاصيل مارك
000 -LEADER
fixed length control field 00865nam a2200217 a 4500
003 - CONTROL NUMBER IDENTIFIER
control field EG-GiCUC
008 - FIXED-LENGTH DATA ELEMENTS--GENERAL INFORMATION
fixed length control field 090418s1999 su b g 000 0 ara d
017 ## - COPYRIGHT OR LEGAL DEPOSIT NUMBER
Copyright or legal deposit number 191089
040 ## - CATALOGING SOURCE
Original cataloging agency EG-GiCUC
Language of cataloging ara
Transcribing agency EG-GiCUC
092 04 - LOCALLY ASSIGNED DEWEY CALL NUMBER (OCLC)
Classification number 549.9531
Item number A8813
Edition number 21
099 ## - LOCAL FREE-TEXT CALL NUMBER (OCLC)
Classification number 04
-- 549.9531 A8813
245 00 - TITLE STATEMENT
Title اطلس المعادن الصناعية بالمملكة العربية السعودية/
Statement of responsibility, etc. دانيال لوران...[واخ.]؛ترجمة حسين محمد صابر...[واخ.]
260 ## - PUBLICATION, DISTRIBUTION, ETC.
Place of publication, distribution, etc. جدة:
Name of publisher, distributor, etc. وزارة البترول والثروة المعدنية:
Date of publication, distribution, etc. 1999
300 ## - PHYSICAL DESCRIPTION
Extent 130ص:
Other physical details خرائط ملونة؛
Dimensions 33.5x48.5سم
650 #7 - SUBJECT ADDED ENTRY--TOPICAL TERM
Topical term or geographic name entry element المعادن الصناعية
Geographic subdivision السعودية
Source of heading or term qrmak
700 1# - ADDED ENTRY--PERSONAL NAME
Personal name صابر : حسين محمد
Relator term
700 1# - ADDED ENTRY--PERSONAL NAME
Personal name لوران : دانيال
902 ## - LOCAL DATA ELEMENT B, LDB (RLIN)
No. of Items 1
905 ## - LOCAL DATA ELEMENT E, LDE (RLIN)
Cataloger عبير
Reviser مدخل
942 ## - ADDED ENTRY ELEMENTS (KOHA)
Source of classification or shelving scheme Dewey Decimal Classification
Koha item type Reference
المقتنيات
Source of classification or shelving scheme Not for loan Home library Current library Date acquired Full call number Barcode Date last seen Copy number Koha item type
Dewey Decimal Classification   المكتبة المركزبة الجديدة - جامعة القاهرة قاعة المراجع - الدور الثاني 11.02.2024 549.9531 A8813 01000100119386000 23.09.2023 C.1 Reference
Cairo University Libraries Portal Implemented & Customized by: Eng. M. Mohamady Contacts: new-lib@cl.cu.edu.eg | cnul@cl.cu.edu.eg
CUCL logo CNUL logo
© All rights reserved — Cairo University Libraries
CUCL logo
Implemented & Customized by: Eng. M. Mohamady Contact: new-lib@cl.cu.edu.eg © All rights reserved — New Central Library
CNUL logo
Implemented & Customized by: Eng. M. Mohamady Contact: cnul@cl.cu.edu.eg © All rights reserved — Cairo National University Library